1845 1409 1110 1374 1912 1610 1666 1668 1055 1416 1655 1974 1956 1479 1236 1325 1751 1918 1431 1043 1704 1641 1835 1657 1551 1605 1319 1135 1614 1618 1324 1931 1678 1937 1139 1450 1633 1211 1399 1358 1941 1156 1541 1536 1905 1004 1096 1304 1783 1882 1221 1765 1423 1321 1845 1773 1641 1045 1220 1336 1735 1354 1276 1604 1900 1982 1819 1975 1723 1064 1975 1353 1766 1797 1981 1110 1475 1546 1124 1811 1637 1145 1539 1697 1415 1830 1598 1004 1582 1349 1935 1278 1925 1161 1975 1072 1764 1066 1337 BCNSPRNW ULIB Ver.6.0+V

เปลี่ยนเป็นภาษาไทย

Change to English
 แสดงรายละเอียดบรรณานุกรม
  กลับหน้าหลัก

Brief Record : Get Marc (ISO 2709) : E-mail record : QR code < ปิดหน้าต่าง
LEADER : 00000nam 2200000uu 4500
001    13399125012
003     ULIB
008    160529s2556||||th 000 0 tha d
020    ^a9789746728423
060  4 ^aWB115^bบ48ภ ล.2
100    ^aบุษยามาส ชีวสกุลยง
245    ^aภาวะฉุกเฉินทางอายุรศาสตร์ เล่ม 2/^cบุษยามาส ชีวสกุลยง
250    ^aพิมพ์ครั้งที่ 1
260    ^aเชียงใหม่ :^bภาควิชาอายุรศาสตร์ คณะแพทยศาสตร์ ม.เชียงใหม่,^c2556
300    ^a429-703 หน้า
650    ^aภาวะฉุกเฉินทางอายุรศาสตร์
700    ^aชัยยุทธ เจริญธรรม
945    ^p350^l0^i001053
945    ^p350^l0^i001054
945    ^p350^l0^i001055
945    ^p350^l0^i001056
945    ^p350^l0^i001057
945    ^p350^l0^i001058
945    ^p350^l0^i001059
945    ^p350^l0^i001060
945    ^p350^l0^i001061
945    ^p350^l0^i001062
999    ^aเกษร โพธิ์สุวรรณ
รายการนี้ยังไม่มีแท็ก
คุณยังไม่ได้ล็อกอิน คุณสามารถมีกิจกรรมร่วมกับเว็บไซต์ได้ แต่ต้องล็อกอินก่อน ::
  ล็อกอิน

รายการสื่อสารสนเทศ

ลำดับที่ ประเภท เลขเรียก/บาร์โค้ด สถานที่ สถานะ
1. วิทยาศาสตร์การแพทย์ และสุขภาพ
หนังสือสำรอง
สถานะ=หนังสือสำรอง
WB115 บ48ภ ล.2 ฉ.1 
  Barcode: 001053
ห้องสมุดวิทยาเขตสวรรค์ประชารักษ์
►ส่วนจัดเก็บหนังสือเก่า สปร
บนชั้น
  ขอยืม
2. วิทยาศาสตร์การแพทย์ และสุขภาพ
วิทยาศาสตร์การแพทย์ และสุขภาพ
WB115 บ48ภ ล.2 ฉ.10 
  Barcode: 001062
ห้องสมุดวิทยาเขตสวรรค์ประชารักษ์
►ส่วนจัดเก็บหนังสือเก่า สปร
บนชั้น
  ขอยืม
3. วิทยาศาสตร์การแพทย์ และสุขภาพ
วิทยาศาสตร์การแพทย์ และสุขภาพ
WB115 บ48ภ ล.2 ฉ.2 
  Barcode: 001054
ห้องสมุดวิทยาเขตสวรรค์ประชารักษ์
►ส่วนจัดเก็บหนังสือเก่า สปร
บนชั้น
  ขอยืม
4. วิทยาศาสตร์การแพทย์ และสุขภาพ
วิทยาศาสตร์การแพทย์ และสุขภาพ
WB115 บ48ภ ล.2 ฉ.3 
  Barcode: 001055
ห้องสมุดวิทยาเขตสวรรค์ประชารักษ์
►ส่วนจัดเก็บหนังสือเก่า สปร
บนชั้น
  ขอยืม
5. วิทยาศาสตร์การแพทย์ และสุขภาพ
วิทยาศาสตร์การแพทย์ และสุขภาพ
WB115 บ48ภ ล.2 ฉ.4 
  Barcode: 001056
ห้องสมุดวิทยาเขตสวรรค์ประชารักษ์
►ส่วนจัดเก็บหนังสือเก่า สปร
บนชั้น
  ขอยืม
6. วิทยาศาสตร์การแพทย์ และสุขภาพ
วิทยาศาสตร์การแพทย์ และสุขภาพ
WB115 บ48ภ ล.2 ฉ.5 
  Barcode: 001057
ห้องสมุดวิทยาเขตสวรรค์ประชารักษ์
►ส่วนจัดเก็บหนังสือเก่า สปร
บนชั้น
  ขอยืม
7. วิทยาศาสตร์การแพทย์ และสุขภาพ
วิทยาศาสตร์การแพทย์ และสุขภาพ
WB115 บ48ภ ล.2 ฉ.6 
  Barcode: 001058
ห้องสมุดวิทยาเขตสวรรค์ประชารักษ์
►ส่วนจัดเก็บหนังสือเก่า สปร
บนชั้น
  ขอยืม
8. วิทยาศาสตร์การแพทย์ และสุขภาพ
วิทยาศาสตร์การแพทย์ และสุขภาพ
WB115 บ48ภ ล.2 ฉ.7 
  Barcode: 001059
ห้องสมุดวิทยาเขตสวรรค์ประชารักษ์
►ส่วนจัดเก็บหนังสือเก่า สปร
บนชั้น
  ขอยืม
9. วิทยาศาสตร์การแพทย์ และสุขภาพ
วิทยาศาสตร์การแพทย์ และสุขภาพ
WB115 บ48ภ ล.2 ฉ.8 
  Barcode: 001060
ห้องสมุดวิทยาเขตสวรรค์ประชารักษ์
►ส่วนจัดเก็บหนังสือเก่า สปร
บนชั้น
  ขอยืม
10. วิทยาศาสตร์การแพทย์ และสุขภาพ
วิทยาศาสตร์การแพทย์ และสุขภาพ
WB115 บ48ภ ล.2 ฉ.9 
  Barcode: 001061
ห้องสมุดวิทยาเขตสวรรค์ประชารักษ์
►ส่วนจัดเก็บหนังสือเก่า สปร
บนชั้น
  ขอยืม

รายการใกล้เคียง
    ผู้แต่ง [บุษยามาส ชีวสกุลยง]

    หัวเรื่อง [ภาวะฉุกเฉินทางอายุรศาสตร์]

BibComment


ยังไม่เคยถูกคอมเมนท์

คอมเมนท์ทรัพยากรรายการนี้
  คอมเมนท์: ภาวะฉุกเฉินทางอา..


 Copyright 2026. Bcnsprnw @Library